| 000 | 00983cam a22003134a 4500 | ||
|---|---|---|---|
| 001 | 13660881 | ||
| 003 | OSt | ||
| 005 | 20170217174049.0 | ||
| 008 | 040716s2005 maua b 001 0 eng | ||
| 010 | _a 2004016676 | ||
| 020 | _a140511844X | ||
| 035 | _a(DNLM)101224428 | ||
| 040 |
_aDNLM/DLC _cDLC _dDLC |
||
| 042 | _apcc | ||
| 050 | 0 | 0 |
_aRM171 _b.P727 2005 |
| 060 | 1 | 0 |
_aWB356 _bP8957 2005 |
| 082 | 0 | 0 |
_aWB356 P881m 2005 _222 |
| 100 |
_aEdited by Michael F. Murphy; Derwood H. Pamphilon. _911605 |
||
| 245 | 0 | 0 | _aPractical Transfusion Medicine |
| 250 | _a2nd ed. | ||
| 260 |
_aMalden, Mass. : _bBlackwell Pub., _c2005. |
||
| 300 |
_axv, 469 p., 4 p; _bcol.ill: _c25 cm.+plates |
||
| 504 | _aIncludes bibliographical references and index. | ||
| 650 | 0 |
_aBlood _92477 |
|
| 650 | 1 | 2 |
_aBlood Transfusion. _9350 |
| 856 | 4 | 1 |
_3Table of contents _uhttp://www.loc.gov/catdir/toc/ecip0420/2004016676.html |
| 906 |
_a7 _bcbc _corignew _d1 _eecip _f20 _gy-gencatlg |
||
| 942 |
_2z _cSLOAN |
||
| 999 |
_c923 _d923 |
||